03071cam a2200409 i 4500999001700000001000900017003000400026005001700030008004100047010001700088020001800105020001500123035002000138040002800158042000800186050002100194060001100215082001700226100003100243245025900274250002000533264003100553300004800584336002100632337002500653338002300678500015300701504005100854505142200905650002602327700004102353700003102394700003502425906004502460942003302505952012302538 c22072d2207217868975OSt20170123121421.0130827s2015 maua b 001 0 eng  a 2013035040 a9780133077728 a0133077721 a(DNLM)101615909 aDNLM/DLCcDLCerdadDLC apcc00aRK361b.W45 201510aWU 24000a617.6/322231 aWeinberg, Mea A.,eauthor.10aComprehensive periodontics for the dental hygienist /cMea A. Weinberg, D.M.D., M.S.D., R.Ph., Cheryl Westphal Theile, Ed.D., R.D.H., Stuart J. Froum, D.D.S., Stuart L. Segelnick, D.D.S., M.S., New York University College of Dentistry New York, New York. aFourth edition. 1aBoston :bPearson,c[2015] axi, 488 p. :bcolor illustrations ;c28 cm. atext2rdacontent aunmediated2rdamedia avolume2rdacarrier aPreceded by Comprehensive periodontics for the dental hygienist / Mea A. Weinberg ... [et al.] ; consulting editor, James Burke Fine. 3rd ed. c2010. aIncludes bibliographical references and index.0 aAnatomy of the periodontal structures: the healthy state -- Epidemiology of periodontal diseases -- Dental biofilm: microbiology of periodontal diseases -- Bacterial and the host response: inflammatory and immunology fundamentals -- Local contributory factors for periodontal diseases -- The oral-systemic disease connection -- Gingival diseases -- Periodontitis and other periodontal conditions -- Necrotizing periodontal diseases -- Occlusal trauma -- Abscesses of the periodontum -- Dental hygiene process of care for the patient with periodontal disease -- Patient history -- Clinical examination: extraoral/intraoral examination and dental evaluation -- Clinical examination: gingival assessment -- Clinical examination: periodontal assessment -- Radiographic assessment -- Advances in detecting and monitoring periodontal diseases -- Problem-/evidence-based treatment planning -- Oral hygiene for the periodontal patient: beyond the basics -- Therapy and response to nonsurgical periodontal therapy -- Periodontal maintenance therapy -- Topical drug delivery systems: oral rinses and irrigation -- Systemic and local drug delivery systems: systemic antibiotics, local drug devices, and enzyme suppression therapy -- Principles of periodontal surgery: gingivectomy, osseous resection, and periodontal plastic surgery -- Principles of periodontal surgery: periodontal regeneration -- Implantology -- Case studies.12aPeriodontal Diseases.1 aTheile, Cheryl M. Westphal,eauthor.1 aFroum, Stuart J.,eauthor.1 aSegelnick, Stuart L.,eauthor. a7bcbccorignewd1eecipf20gy-gencatlg 2lcccBOOKShRK 361 .C58 2001 00102lcc4070aMUCbMUCcTECHd2017-01-23eDonation (BFA)l0oRK 361 .C58 2001p31333r2018-07-13w2017-01-23yBOOKS